| 000 | 00745cam a2200289 4500 | ||
|---|---|---|---|
| 008 | 090401t1986 xxu||||| |||| 00| 0 eng d | ||
| 020 | _a0471083844 | ||
| 035 | _a(Sirsi) u48078 | ||
| 041 | _aeng | ||
| 050 | _a346.730432 | ||
| 100 | _aBrown, Curtis Maitland | ||
| 245 | _aBoundary control and legal principles | ||
| 250 | _a3rd. ed. | ||
| 260 |
_aNew York _bJohn Wiley and Sons _c1986 |
||
| 300 | _axv,409p. : ill. ; 24cm. | ||
| 350 | _a0 | ||
| 650 |
_aBoundary disputes _96221 |
||
| 650 | _aLAND SURVEYING | ||
| 650 | _aLAW | ||
| 650 | _aLITTORAL RIGHTS | ||
| 650 | _aRIPARIAN RIGHTS | ||
| 650 | _aUNITED STATES | ||
| 700 | _aRobillard, Walter George | ||
| 700 | _aWilson, Donald A | ||
| 942 | _n0 | ||
| 948 | _c04/03/1997 | ||
| 999 |
_c92277 _d92277 |
||